000 00384nam a2200169Ia 4500
001 9796
003 IN-NITTTR
005 20251114233051.0
008 251113s9999||||xx |||||||||||||| ||eng||
040 _beng
040 _cIN-NITTTR
041 _aeng
082 _a153.735 P931P
100 _aPribram, K. H.
245 0 _aPerception and action /
_cPribram, K. H.
942 _2ddc
_cBK
999 _c12433
_d12433